Selection & Appointment of Supreme Court Judge (Record no. 19023)

MARC details
000 -LEADER
fixed length control field 00374nam a2200145Ia 4500
008 - FIXED-LENGTH DATA ELEMENTS--GENERAL INFORMATION
fixed length control field 221030s9999 xx 000 0 und d
041 ## - LANGUAGE CODE
Language code of text/sound track or separate title
100 ## - MAIN ENTRY--AUTHOR NAME
Personal name R. Dharan
245 #0 - TITLE STATEMENT
Title Selection & Appointment of Supreme Court Judge
Statement of responsibility, etc by R. Dharan, A. Jacob
260 ## - PUBLICATION, DISTRIBUTION, ETC. (IMPRINT)
Name of publisher N. M. Tripathi
Place of publication Bombay
Year of publication 1978
300 ## - PHYSICAL DESCRIPTION
Number of Pages 125
650 ## - SUBJECT ADDED ENTRY--TOPICAL TERM
Topical Term Law
700 ## - ADDED ENTRY--PERSONAL NAME
Personal name A. Jacob
942 ## - ADDED ENTRY ELEMENTS (KOHA)
Koha item type Books
Holdings
Accession Number Cost, normal purchase price Price effective from Koha item type Withdrawn / writtenoff status Materials specified (bound volume or other part) Damaged status Not for loan Permanent Location Current Location Shelving location Date acquired Lost/ Missing status department
LLB 260 20.00 10/30/2022 Books   Print     MIET Library, Jammu MIET Library, Jammu 182/3 09/27/2022   BBA LLB